Cinco meditaciones sobre la existencia : soledad, sociedad y comunidad /

محفوظ في:
التفاصيل البيبلوغرافية
المؤلف الرئيسي: Berdiaeff, Nicolás (autor)
مؤلفون آخرون: Gringoire, Pedro (traducción) (traducción)
التنسيق: كتاب
اللغة:الإسبانية
منشور في: México : Ediciones Alba, 1948, c1948
سلاسل:(Espíritu y Verdad ; 5)
الموضوعات:
الوسوم: إضافة وسم
لا توجد وسوم, كن أول من يضع وسما على هذه التسجيلة!

MARC

LEADER 00000nam^a2200000^a^4500
001 000621873
005 20250929000000.0
009 20260310133907.655
037 |a Acervo ITESO - Biblioteca 
041 |a ESP 
082 |a 111. 1  |b BER 
100 |a Berdiaeff, Nicolás  |e (autor) 
245 1 0 |a Cinco meditaciones sobre la existencia :  |b soledad, sociedad y comunidad /  |c N. Berdiaeff ; tr. por P. Gringoire. 
264 4 |a México :  |b Ediciones Alba,  |c 1948, c1948 
300 |a 224 p. 
336 |a texto  |b txt  |2 rdacontenido 
337 |a sin mediación  |b n  |2 rdamedio 
338 |a volumen  |b nc  |2 rdasoporte 
440 1 |a (Espíritu y Verdad ;  |v 5) 
500 |a Traducción de: Cinq méditations sur l’existence, la solitude, la société et la communauté 
649 |a XX 
650 |a Soledad 
650 |a Sociedad 
650 |a Ser (Filosofía) 
650 |a Substancia (Filosofía) 
650 |a Subjetividad (Psicología) 
650 |a Existencia -  |x Tema Principal 
650 |a Ontología 
650 |a Metafísica 
650 |a Filosofía 
700 |a Gringoire, Pedro  |e (traducción) 
910 |a Fondo Castillo-Martínez 
920 |a Impresos - Libros 
930 |a Fondos Especiales 
905 |a 127 
901 |a 621873-10  |b IT2  |c ESP  |i D126255  |u 20250929 
902 |a https://opac.biblio.iteso.mx/vufind/Record/000621873